00558nam a22001817a 450000500170000001000150001702000260003203500140005803700090007208200110008110000160009224500660010825000060017426000410018027000450022130000200026670000900028620250324120340.0 aENG-144229 c125.00a9789381236239 aEN-127761 bDBAD a63021 aPrakash, m. aPrincipal of Crop Physiology/cM. Prakash....(et al)hEnglish a1 aChidambaram bSri Velan Pathippagam  bChidambarama5,S.P. Koil Street e608001 a236pc22 cm(pb) aM. Prakash,S. Padamavathi, B. Sunil Kumar ,J.Gokulakrishnan and G.Sathiya Narayanan